|
|
|
|
| LEADER |
03358nam a2200721 4500 |
| 001 |
ocn902937157 |
| 003 |
OCoLC |
| 005 |
20170124070558.1 |
| 006 |
m o d |
| 007 |
cr ||||||||||| |
| 008 |
150205t20152015nju o 001 0 eng |
| 010 |
|
|
|a 2015005037
|
| 040 |
|
|
|a DLC
|b eng
|e rda
|c DLC
|d BTCTA
|d OCLCF
|d N$T
|d IDEBK
|d CDX
|d COO
|d DG1
|d YDXCP
|d EBLCP
|d RECBK
|d DEBBG
|d KSU
|d CCO
|d GrThAP
|
| 020 |
|
|
|a 9781118855270 (ePub)
|
| 020 |
|
|
|a 1118855272 (ePub)
|
| 020 |
|
|
|z 9781118855287 (cloth)
|
| 020 |
|
|
|a 9781118855263
|
| 020 |
|
|
|a 1118855264
|
| 020 |
|
|
|a 9781118855300
|
| 020 |
|
|
|a 1118855302
|
| 020 |
|
|
|z 1118855280
|
| 029 |
1 |
|
|a AU@
|b 000054214044
|
| 029 |
1 |
|
|a GBVCP
|b 834329336
|
| 029 |
1 |
|
|a AU@
|b 000058380883
|
| 029 |
1 |
|
|a DEBBG
|b BV043397503
|
| 035 |
|
|
|a (OCoLC)902937157
|
| 042 |
|
|
|a pcc
|
| 050 |
0 |
0 |
|a QA329.2
|
| 072 |
|
7 |
|a SCI
|x 024000
|2 bisacsh
|
| 072 |
|
7 |
|a SCI
|x 041000
|2 bisacsh
|
| 072 |
|
7 |
|a SCI
|x 055000
|2 bisacsh
|
| 082 |
0 |
0 |
|a 530.1201/515724
|2 23
|
| 049 |
|
|
|a MAIN
|
| 245 |
0 |
0 |
|a Non-selfadjoint operators in quantum physics :
|b mathematical aspects /
|c editors: Fabio Bagarello, Jean Pierre Gazeau, Franciszek Hugon Szafraniec, Miloslav Znojil.
|
| 264 |
|
1 |
|a Hoboken, New Jersey :
|b John Wiley & Sons,
|c 2015.
|
| 264 |
|
4 |
|c ©2015
|
| 300 |
|
|
|a 1 online resource.
|
| 336 |
|
|
|a text
|2 rdacontent
|
| 337 |
|
|
|a computer
|2 rdamedia
|
| 338 |
|
|
|a online resource
|2 rdacarrier
|
| 500 |
|
|
|a Includes index.
|
| 505 |
0 |
|
|a Ideas and trends / Miloslav Znojil -- Operators of the quantum harmonic oscillator and its relatives / Franciszek Hugon Szafraniec -- Deformed canonical (anti) commutation relations and non selfadjoint Hamiltonians / Fabio Bagarello -- Reality of the spectrum and existence of PT-symmetric phase transitions / Emanuela Caliceti and Sandro Graffi -- Elements of spectral theory without the spectral theorem / David Krejčiřík and Petr Siegl -- PT-symmetric operators in quantum mechanics: Krein spaces methods / Sergio Albeverio and Sergii Kuzhel -- Metric operators, generalized hermiticity and lattices of Hilbert spaces / Jean-Pierre Antoine and Camillo Trapani.
|
| 588 |
|
|
|a Description based on print version record and CIP data provided by publisher.
|
| 504 |
|
|
|a Includes bibliographical references and index.
|
| 650 |
|
0 |
|a Nonselfadjoint operators.
|
| 650 |
|
0 |
|a Spectral theory (Mathematics)
|
| 650 |
|
0 |
|a Quantum theory
|x Mathematics.
|
| 650 |
|
0 |
|a Hilbert space.
|
| 650 |
|
7 |
|a Hilbert space.
|2 fast
|0 (OCoLC)fst00956785
|
| 650 |
|
7 |
|a Nonselfadjoint operators.
|2 fast
|0 (OCoLC)fst01038954
|
| 650 |
|
7 |
|a Quantum theory
|x Mathematics.
|2 fast
|0 (OCoLC)fst01085135
|
| 650 |
|
7 |
|a Spectral theory (Mathematics)
|2 fast
|0 (OCoLC)fst01129072
|
| 650 |
|
7 |
|a SCIENCE / Energy
|2 bisacsh
|
| 650 |
|
7 |
|a SCIENCE / Mechanics / General
|2 bisacsh
|
| 650 |
|
7 |
|a SCIENCE / Physics / General
|2 bisacsh
|
| 655 |
|
4 |
|a Electronic books.
|
| 700 |
1 |
|
|a Bagarello, Fabio,
|d 1964-
|e editor.
|
| 700 |
1 |
|
|a Gazeau, Jean-Pierre,
|e editor.
|
| 700 |
1 |
|
|a Szafraniec, Franciszek Hugon,
|e editor.
|
| 700 |
1 |
|
|a Znojil, M.
|q (Miloslav),
|e editor.
|
| 776 |
0 |
8 |
|i Print version:
|t Non-selfadjoint operators in quantum physics
|d Hoboken, New Jersey : John Wiley & Sons, 2015
|z 9781118855287
|w (DLC) 2014048325
|
| 856 |
4 |
0 |
|u https://doi.org/10.1002/9781118855300
|z Full Text via HEAL-Link
|
| 994 |
|
|
|a 92
|b DG1
|